<?xml version="1.0" encoding="UTF-8"?>
<collection xmlns="http://www.loc.gov/MARC21/slim">
 <record>
  <leader>03270nam a2200445 a 4500</leader>
  <controlfield tag="001">TVCDKTCT6364</controlfield>
  <controlfield tag="003">Thư viện trường Cao đẳng Kỹ thuật Cao Thắng</controlfield>
  <controlfield tag="005">20170605094254.5</controlfield>
  <controlfield tag="008">070110</controlfield>
  <datafield tag="980" ind1="\" ind2="\">
   <subfield code="a">Thư viện Trường CĐ Kỹ Thuật Cao Thắng</subfield>
  </datafield>
  <datafield tag="024" ind1=" " ind2=" ">
   <subfield code="a">RG_1 #1 eb0 i1 i5</subfield>
  </datafield>
  <datafield tag="041" ind1="0" ind2="#">
   <subfield code="a">vie</subfield>
  </datafield>
  <datafield tag="082" ind1="#" ind2="#">
   <subfield code="a">621.82 / </subfield>
   <subfield code="b">B103T-</subfield>
  </datafield>
  <datafield tag="100" ind1="1" ind2="#">
   <subfield code="a">Trương Ngọc Tuấn</subfield>
  </datafield>
  <datafield tag="245" ind1="0" ind2="0">
   <subfield code="a">Bài tập Tuốc bin hơi nước / </subfield>
   <subfield code="c">Trương Ngọc Tuấn, Bùi Thanh Hùng, Phạm Lương Tuệ</subfield>
  </datafield>
  <datafield tag="250" ind1="#" ind2="#">
   <subfield code="a">In lần thứ 1</subfield>
  </datafield>
  <datafield tag="260" ind1="#" ind2="#">
   <subfield code="a">H. : </subfield>
   <subfield code="b">Khoa học và Kỹ thuật , </subfield>
   <subfield code="c">2006</subfield>
  </datafield>
  <datafield tag="300" ind1="#" ind2="#">
   <subfield code="a">281tr. ; </subfield>
   <subfield code="c">27cm</subfield>
  </datafield>
  <datafield tag="520" ind1="#" ind2="#">
   <subfield code="a">Chương 1: Các chu trình nhiệt của tuốc bin</subfield>
  </datafield>
  <datafield tag="520" ind1="#" ind2="#">
   <subfield code="a">Chương 10: Tính toán độ bền và độ rung của trục</subfield>
  </datafield>
  <datafield tag="520" ind1="#" ind2="#">
   <subfield code="a">Chương 11: Tính toán độ bền của bánh tĩnh</subfield>
  </datafield>
  <datafield tag="520" ind1="#" ind2="#">
   <subfield code="a">Chương 12: Tính toán tuốc bin hơi nước bằng máy tính điện tử.</subfield>
  </datafield>
  <datafield tag="520" ind1="#" ind2="#">
   <subfield code="a">Chương 2: Sự chuyển động của dòng hơi và tính toán ống phun</subfield>
  </datafield>
  <datafield tag="520" ind1="#" ind2="#">
   <subfield code="a">Chương 3: Tính toán tầng tuốc bin</subfield>
  </datafield>
  <datafield tag="520" ind1="#" ind2="#">
   <subfield code="a">Chương 4: Tính toán các bộ chèn</subfield>
  </datafield>
  <datafield tag="520" ind1="#" ind2="#">
   <subfield code="a">Chương 5: Tính toán tuốc bin nhiều tầng</subfield>
  </datafield>
  <datafield tag="520" ind1="#" ind2="#">
   <subfield code="a">Chương 6: Sự làm việc của tuốc bin khi chế độ thay đổi</subfield>
  </datafield>
  <datafield tag="520" ind1="#" ind2="#">
   <subfield code="a">Chương 7: Tuốc bin có trích hơi điều chỉnh và tuốc bin đối áp</subfield>
  </datafield>
  <datafield tag="520" ind1="#" ind2="#">
   <subfield code="a">Chương 8: Tính toán độ bền và độâ rung cho cánh quạt</subfield>
  </datafield>
  <datafield tag="520" ind1="#" ind2="#">
   <subfield code="a">Chương 9: Tính toán độ bền của đĩa</subfield>
  </datafield>
  <datafield tag="520" ind1="#" ind2="#">
   <subfield code="a">Giáo trình bao gồm những bài toán mẫu với lời giải sẵn bằng công cụ tính toán thông thường. Một số bài tập dài được tính bằng máy điện tử, nhằm phục vụ sinh viên ngành Nhiệt và các ngành công nghiệp có dùng nhiệt về cách giải các bài tập ngắn, dài, làm thiết kế môn học và thiết kế tốt nghiệp. Qua đó, sinh viên sẽ nắm vững thêm các môn học: khí động lực học, tuốc bin hơi nước, chế độ làm việc thay đổi của tuốc bin hơi, độ bền và sự dao động của tuốc bin, giúp ích cho các bạn làm đồng nghiệp làm việc tại các nhà máy điện hoặc các ngành công nghiệp có dùng nhiệt, trong công tác lắp ráp, sửa chữa, vận hành tuốc bin, cũng như trong công tác nghiên cứu thiết kế các bộ phận của máy năng lượng.</subfield>
  </datafield>
  <datafield tag="520" ind1="#" ind2="#">
   <subfield code="a">Nội dung gồm 12 chương :</subfield>
  </datafield>
  <datafield tag="650" ind1="#" ind2="4">
   <subfield code="a">Tuốc bin</subfield>
  </datafield>
  <datafield tag="650" ind1="#" ind2="4">
   <subfield code="a">Tuốc bin hơi nước</subfield>
  </datafield>
  <datafield tag="650" ind1="#" ind2="4">
   <subfield code="a">Tuốc bin--Bài tập</subfield>
  </datafield>
  <datafield tag="700" ind1="0" ind2="#">
   <subfield code="a">Bùi Thanh Hùng</subfield>
  </datafield>
  <datafield tag="700" ind1="0" ind2="#">
   <subfield code="a">Phạm Lương Tuệ, </subfield>
   <subfield code="e">Tác giả</subfield>
  </datafield>
  <datafield tag="721" ind1="#" ind2="#">
   <subfield code="a">CNKT Cơ khí</subfield>
  </datafield>
  <datafield tag="841" ind1="#" ind2="#">
   <subfield code="b">Kho Sách </subfield>
   <subfield code="j">100019702, 100019759, 100019769</subfield>
  </datafield>
  <datafield tag="841" ind1="#" ind2="#">
   <subfield code="b">Kho Tra Cứu </subfield>
   <subfield code="j">500002236, 500002241</subfield>
  </datafield>
 </record>
</collection>
